Alive or Not in 2000? - Statistics

General Stats
  • This quiz has been taken 34 times
  • The average score is 8 of 19
Answer Stats
Question Answer % Correct
Justin Bieber Alive
100%
Richard Nixon Not alive
100%
George Harrison Alive
50%
Marlon Brando Alive
50%
Mikhail Gorbachev Alive
50%
Salman Rushdie Alive
50%
Muhammad Ali Alive
50%
Neil Armstrong Alive
50%
Kirk Douglas Alive
50%
Nelson Mandela Alive
50%
Pol Pot Not alive
50%
Akira Kurosawa Not alive
50%
Sammy Davis Jr. Not alive
50%
Ayatollah Ruhollah Khomeini Not alive
50%
Yasser Arafat Alive
0%
Kurt Vonnegut Alive
0%
Augusto Pinochet Alive
0%
Billie Eilish Not alive
0%
Greta Thunberg Not alive
0%
No matching quizzes found
Score Distribution
Percent of People with Each Score
Percentile by Number Answered
Your Score History
You have not taken this quiz